000 00351nam a2200133Ia 4500
005 20251222140028.0
008 251222s1900||||xx |||||||||||||| ||spa||
020 _a8427605781
082 _a146.4/C81
100 _aComte, Augusto
245 0 _aCatecismo Positivista o Exposición Resumida de la Religión Universal
264 _bNacional
942 _cLIB
999 _c2849
_d2849